Walden Two / (Record no. 1968)
[ view plain ]
| 000 -LEADER | |
|---|---|
| fixed length control field | 00668cam a2200181 4500 |
| 001 - CONTROL NUMBER | |
| control field | 2459 |
| 005 - DATE AND TIME OF LATEST TRANSACTION | |
| control field | 20181127165148.0 |
| 008 - FIXED-LENGTH DATA ELEMENTS--GENERAL INFORMATION | |
| fixed length control field | 751120s1976 nyu 000 1 eng |
| 010 ## - LIBRARY OF CONGRESS CONTROL NUMBER | |
| LC control number | 75041339 |
| 020 ## - INTERNATIONAL STANDARD BOOK NUMBER | |
| International Standard Book Number | 0024115118 (pbk.) |
| International Standard Book Number | 0024115215 |
| 100 1# - MAIN ENTRY--PERSONAL NAME | |
| Personal name | Skinner, B. F. |
| Fuller form of name | (Burrhus Frederic), |
| Dates associated with a name | 1904-1990. |
| 245 10 - TITLE STATEMENT | |
| Title | Walden Two / |
| Statement of responsibility, etc. | B. F. Skinner, with an introduction by the author. |
| 260 ## - PUBLICATION, DISTRIBUTION, ETC. | |
| Place of publication, distribution, etc. | New York : |
| Name of publisher, distributor, etc. | Macmillan, |
| Date of publication, distribution, etc. | c1962. |
| 300 ## - PHYSICAL DESCRIPTION | |
| Extent | 320 p. ; |
| Dimensions | 22 cm. |
| 500 ## - GENERAL NOTE | |
| General note | A controversial novel of morality and immorality in a scientifically-shaped utopia. |
| 600 ## - SUBJECT ADDED ENTRY--PERSONAL NAME | |
| Personal name | Skinner, B. F. (Burrhus Frederic), 1904-1990. |
| Numeration | |
| Titles and other words associated with a name | |
| Dates associated with a name | |
| Relator term | |
| Date of a work | |
| Form subheading | |
| Language of a work | |
| Medium of performance for music | |
| Number of part/section of a work | |
| Arranged statement for music | |
| Name of part/section of a work | |
| Fuller form of name | |
| Key for music | |
| Version | |
| Title of a work | |
| Form subdivision | |
| General subdivision | |
| Chronological subdivision | |
| Geographic subdivision | |
| Source of heading or term | |
| Withdrawn status | Lost status | Source of classification or shelving scheme | Damaged status | Not for loan | Collection code | Home library | Current library | Shelving location | Date acquired | Serial Enumeration / chronology | Inventory number | Total Checkouts | Total Renewals | Full call number | Barcode | Date last seen | Date last checked out | Price effective from | Koha item type |
|---|---|---|---|---|---|---|---|---|---|---|---|---|---|---|---|---|---|---|---|
| Dewey Decimal Classification | Main TEST | RTC Library | RTC Library | Main opac | 13/10/2022 | 1489 | 2 | 1 | 813.54 SKI | 30001627 | 23/10/2022 | 13/10/2022 | 27/11/2018 | Main |